Návrh kritérií pro výběr problémových regiónů v zemědělství
Pre účely rozhodovacích úvah a realizáciu poľnohospodárskej regionálnej politiky pre r. 1993 a 1994 bol vypracovaný návrh kritérií pre výber problémových regiónov v poľnohospodárstve. Hlavným kritériom poľnohospodárskej regionálnej politiky je kritérium rastu a racionálneho využitia zdrojov. Pri výb...
Uložené v:
| Hlavný autor: | |
|---|---|
| Ďalší autori: | |
| Médium: | Kapitola |
| Jazyk: | Czech |
| Predmet: | |
| Tagy: |
Žiadne tagy, Buďte prvý, kto otaguje tento záznam!
|
MARC
| LEADER | 00000naa a2200000 4500 | ||
|---|---|---|---|
| 001 | r024103 | ||
| 005 | 20221205091532.2 | ||
| 041 | 0 | |a cze | |
| 044 | |a CZ | ||
| 245 | 1 | 0 | |a Návrh kritérií pro výběr problémových regiónů v zemědělství |c J. Němec, M. Hrabánková |
| 520 | |a Pre účely rozhodovacích úvah a realizáciu poľnohospodárskej regionálnej politiky pre r. 1993 a 1994 bol vypracovaný návrh kritérií pre výber problémových regiónov v poľnohospodárstve. Hlavným kritériom poľnohospodárskej regionálnej politiky je kritérium rastu a racionálneho využitia zdrojov. Pri výbere kritérií sa vychádzalo z metód použitých pri výbere hospodársky problémových oblastí.Ukazovatele prírodných, ekologických, ekonomických a sociálnych podmienok regiónu. | ||
| 610 | 2 | 0 | |a poľnohospodárstvo |
| 610 | 2 | 0 | |a politika regionálna |
| 610 | 2 | 0 | |a regióny |
| 610 | 2 | 0 | |a aktivita hospodárska |
| 610 | 2 | 0 | |a vidiek |
| 610 | 2 | 0 | |a podmienky sociálne |
| 610 | 2 | 0 | |a podmienky prírodné |
| 610 | 2 | 0 | |a Česko |
| 610 | 2 | 0 | |a 1993 |
| 610 | 2 | 0 | |a 1994 |
| 100 | 1 | |a Němec, J. | |
| 700 | 1 | |a Hrabánková, M. | |